000 00785nam a2200241Ia 4500
003 OSt
005 20220923211222.0
006 a|||||r|||| 00| 0
007 ta
008 Pun
020 _a9788130201795 (hbk)
_c200
024 _a281,845
037 _b669, 03/06/2013, H.K. Prakashan
_cTextual
040 _aARTS
_cARTS
_bPun
041 _2Pun
_aPun
082 _aG1, 153Q3
100 _aਢਿੱਲੋ੍ਵ, ਸੁਰਜੀਤ ਸਿੰਘ
_9159872
245 0 _aਜੀਵਨ ਕੀ ਹੈ
260 _aਪਟਿਆਲਾ
_b ਪੰਜਾਬੀ ਯੂਨੀਵਰਸਿਟੀ
_c2013
300 _a145ਪੰ
_ccm.
942 _hG1, 153Q3
_cTEXL
_2CC
999 _c297147
_d297147